Economic loss, transmissible warranties and extensions to the boundaries of Murphy v Brentwood (Record no. 75080)
[ view plain ]
| 000 -LEADER | |
|---|---|
| fixed length control field | 01919cab a2200301 4500 |
| 001 - CONTROL NUMBER | |
| control field | L129345 |
| 008 - FIXED-LENGTH DATA ELEMENTS--GENERAL INFORMATION | |
| fixed length control field | 050413n2005 000 0 eng u |
| 035 ## - SYSTEM CONTROL NUMBER | |
| System control number | (Sirsi) u129345 |
| 041 ## - LANGUAGE CODE | |
| Language code of text/sound track or separate title | eng |
| 100 ## - MAIN ENTRY--PERSONAL NAME | |
| Personal name | Pigott, Ashley |
| 245 ## - TITLE STATEMENT | |
| Title | Economic loss, transmissible warranties and extensions to the boundaries of Murphy v Brentwood |
| 260 ## - PUBLICATION, DISTRIBUTION, ETC. | |
| Date of publication, distribution, etc. | 2005 |
| 490 ## - SERIES STATEMENT | |
| Series statement | Construction Law Journal |
| Volume/sequential designation | 21(2) (2005) 95,101(7) |
| 520 ## - SUMMARY, ETC. | |
| Summary, etc. | Discusses differing HL judgments on the subject of the accrual of a duty of care to prevent economic loss, noting that a clear position still remains uncertain. Examines the opposed judgments in "Samuel Payne v John Setchell Ltd" (TCC, X121433) and "Tesco Stores Ltd v Costain Construction Ltd" ([2003] EWHC 1487 (TCC), [2003] CILL 2062) which both considered the extent to which builders and designers in construction cases should be held liable for losses classified as economic. Illustrates how the approach in "Samuel Payne" to the imposition of a duty of care in respect to economic loss is consistent with the reasoning in "Murphy v Brentwood DC" (HL, Abs43321), whilst the approach in "Tesco" is consistent with "Hedley Bryne and Co Ltd v Heller and Partners Ltd" (HL, [1963] 2 ALL ER 575) and "Pirelli General Cable Works Ltd v Oscar Faber and Partners" (HL, [1983] 1 All ER 65). |
| 590 ## - LOCAL NOTE (RLIN) | |
| Local note | IKA150405 |
| 650 ## - SUBJECT ADDED ENTRY--TOPICAL TERM | |
| Topical term or geographic name entry element | MURPHY V BRENTWOOD DC |
| 650 ## - SUBJECT ADDED ENTRY--TOPICAL TERM | |
| Topical term or geographic name entry element | HEDLEY BYRNE AND CO LTD V HELLER AND PARTNERS LTD |
| 650 ## - SUBJECT ADDED ENTRY--TOPICAL TERM | |
| Topical term or geographic name entry element | PAYNE AND OTHERS V JOHN SETCHELL LTD |
| 650 ## - SUBJECT ADDED ENTRY--TOPICAL TERM | |
| Topical term or geographic name entry element | TESCO STORES LTD V COSTAIN CONSTRUCTION LTD |
| 650 ## - SUBJECT ADDED ENTRY--TOPICAL TERM | |
| Topical term or geographic name entry element | DONOGHUE V STEVENSON |
| 650 ## - SUBJECT ADDED ENTRY--TOPICAL TERM | |
| Topical term or geographic name entry element | ANNS AND OTHERS V MERTON LBC |
| 650 ## - SUBJECT ADDED ENTRY--TOPICAL TERM | |
| Topical term or geographic name entry element | PIRELLI GENERAL CABLE WORKS LTD V OSCAR FABER AND PARTNERS |
| 650 ## - SUBJECT ADDED ENTRY--TOPICAL TERM | |
| Topical term or geographic name entry element | HENDERSON V MERRETT SYNDICATES LTD |
| 650 ## - SUBJECT ADDED ENTRY--TOPICAL TERM | |
| Topical term or geographic name entry element | WHITE V JONES |
| 650 ## - SUBJECT ADDED ENTRY--TOPICAL TERM | |
| Topical term or geographic name entry element | DOE V BATES |
| 690 ## - LOCAL SUBJECT ADDED ENTRY--TOPICAL TERM (OCLC, RLIN) | |
| Topical term or geographic name as entry element | MANAGEMENT-BUSINESS MANAGEMENT-PROFESSIONAL PRACTICE-NEGLIGENCE |
| 942 ## - ADDED ENTRY ELEMENTS (KOHA) | |
| Suppress in OPAC | 0 |
| Withdrawn status | Lost status | Source of classification or shelving scheme | Damaged status | Not for loan | Home library | Current library | Shelving location | Date acquired | Total Checkouts | Full call number | Barcode | Date last seen | Copy number | Price effective from | Koha item type |
|---|---|---|---|---|---|---|---|---|---|---|---|---|---|---|---|
| Dewey Decimal Classification | London | London | Journal article | 13/04/2005 | L129345 | 129345-1001 | 06/08/2019 | 1 | 06/08/2019 | Journal article |